000 00801nam a2200277Ia 4500
003 OSt
005 20220918164929.0
006 a|||||r|||| 00| 0
007 ta
008 220917b |||||||| |||| 00| 0 eng d
020 _a0816607397
024 _a34,492
037 _cTextual
040 _aARTS
_cARTS
_beng
041 _2eng
_aeng
082 _aO111,1N20w, L5
100 _aDonoghue Deins ed
_921760
245 0 _aSeven American poets from Mavcleish to Memov
_b an introduction
260 _aMinneapolis
_bUniv of Minnesota Press
_c1975
300 _a329
_ccm.
490 _aMinnesota library on American writers; 9
500 _abib p289-301
650 _aENGLISH LITERATURE
942 _hO111,1N20w, L5
_cTEXL
_2CC
999 _c127483
_d127483